Between history and literature
Saved in:
| Main Author: | |
|---|---|
| Format: | Book |
| Language: | English |
| Published: |
Cambridge :
Harvard University Press,
1990
|
| Subjects: | |
| Tags: |
Add Tag
No Tags, Be the first to tag this record!
|
MARC
| LEADER | 00000nam a2200000 i 4500 | ||
|---|---|---|---|
| 001 | 1/17824 | ||
| 008 | 981012s1990 eng d | ||
| 020 | |a 0-674-06815-7 | ||
| 035 | |l 10020695 | ||
| 040 | |a GR-MY-UA |b gre |e aacr | ||
| 041 | 0 | |a eng | |
| 082 | 0 | |a 801 | |
| 100 | 1 | |a Gossman, Lionel. | |
| 245 | 1 | 0 | |a Between history and literature / |c Lionel Gossman |
| 260 | |a Cambridge : |b Harvard University Press, |c 1990 | ||
| 300 | |a 412 p. | ||
| 504 | |a Includes index | ||
| 650 | 0 | 0 | |a Literature and history. |
| 650 | 0 | 0 | |a History in literature. |
| 650 | 0 | 0 | |a Historiography. |
| 852 | |a INST |b LESVOS |e 19981012 |h 801 GOS |p 005100012967 |q 005100012967 |t BK |y 0 | ||
| 901 | |a BIBL-1998-3 | ||
| 909 | |a Λ |b 059126 | ||
| 922 | |a 1ΔΩΡ |b 199809 |c ΤΚΑ | ||